Direito sanitário em perspectiva / (Record no. 1352)

MARC details
000 -LÍDER
Campo Fixo de Controle 00966nam a2200301 a 4500
001 - NÚMERO DE CONTROLE
Campo de Controle 1352
003 - IDENTIFICAÇÃO DO NÚMERO DE CONTROLE
Campo de Controle BR-CuiBMT
005 - DATA E HORA DA ÚLTIMA ATUALIZAÇÃO
Campo de Controle 20231210032920.0
008 - DADOS FIXOS
Dados Fixos 231126s2015 dtba 000 0 por d
020 ## - INTERNATIONAL STANDARD BOOK NUMBER
Nº do ISBN 9781565812314
040 ## - AGÊNCIA CATALOGADORA
Código da Agência Catalogadora BR-CuiBMT
Agência que transcreveu o registro BR-CuiBMT
080 ## - Nº DA CLASSIFICAÇÃO DECIMAL UNIVERSAL
Nº edição CDU 2007
Nº Class. CDU 34:351.77
090 ## - NÚMERO DE CHAMADA
Nº classificação 34:351.77
Cutter D598
245 00 - TÍTULO PRINCIPAL
Título principal Direito sanitário em perspectiva /
Indicação de responsabilidade organizadores Maria Célia Delduque ; Sandra Mara Campos Alves ; Nicolao Dino Neto.
260 ## - PUBLICAÇÃO, DISTRIBUIÇÃO, ETC.
Local de publicação Brasília :
Editora ESMPU,
-- FIOCRUZ,
Data 2015.
300 ## - DESCRIÇÃO FÍSICA
N. páginas ou volumes 686 p. :
Ilustrações il. color. ;
Dimensões 23 cm
490 1# - INDICAÇÃO DE SÉRIE
Título da série Pós-graduação ;
Volume/designação sequencial da série v. 2
504 ## - NOTA DE BIBLIOGRAFIA, ETC.
Nota de bibliografia Inclui bibliografia.
650 ## - ASSUNTO TÓPICO
Cabeçalho tópico ou nome geográfico Direito sanitário
650 ## - ASSUNTO TÓPICO
Cabeçalho tópico ou nome geográfico Política de saúde
650 ## - ASSUNTO TÓPICO
Cabeçalho tópico ou nome geográfico Sistema Único de Saúde
650 ## - ASSUNTO TÓPICO
Cabeçalho tópico ou nome geográfico Vigilância sanitária
700 1# - ENTRADA SECUNDÁRIA -- NOME PESSOAL
Nome pessoal Alves, Sandra Mara Campos
Cód. do termo explicativo org.
700 1# - ENTRADA SECUNDÁRIA -- NOME PESSOAL
Nome pessoal Delduque, Maria Célia
Cód. do termo explicativo org.
700 1# - ENTRADA SECUNDÁRIA -- NOME PESSOAL
Nome pessoal Dino Neto, Nicolao
Cód. do termo explicativo org.
830 #0 - ENTRADA SECUNDÁRIA DE SÉRIE -- TÍTULO UNIFORME
Título uniforme Pós-graduação ;
Nº do volume/designação sequencial da série 2
942 ## - ELEMENTOS DE ENTRADA ADICIONAIS (KOHA)
Fonte de classificação ou esquema de arquivamento Classificação Decimal Universal
Tipo de item do Koha Livros
Holdings
Estado: removido Estado: perdido Fonte de classificação ou esquema de arquivamento Estado: danificado Indisponível para empréstimo Localização permanente Localização atual Data de aquisição Numeração serial ou cronológica (Volume) Total Checkouts Número de Chamada completo Código de barras Date last seen Número do exemplar Preço efetivo a partir de Tipo de item (Koha)
    Classificação Decimal Universal     Biblioteca da Escola Superior de Contas do TCE/MT Biblioteca da Escola Superior de Contas do TCE/MT 05/12/2023 v. 4   34:351.77 D598 BIBTCEMT23120227 05/12/2023 Ex. 1 05/12/2023 Livros

Powered by Koha